[Event "Gent Gran-ch"]
[Site "Gent Gran"]
[Date "1996.??.??"]
[Round "4"]
[White "Simo Ponti, Pere"]
[Black "Mane Bernat, Josep"]
[Result "1-0"]
[WhiteElo "1840"]
[BlackElo "2030"]
[PlyCount "99"]
[EventDate "1996.??.??"]
[EventType "swiss"]
[EventRounds "9"]
[EventCountry "ESP"]
[SourceTitle "EXT 2003"]
[Source "ChessBase"]
[SourceDate "2002.11.25"]
[SourceVersion "1"]
[SourceVersionDate "2002.11.25"]
[SourceQuality "1"]

1. e4 c5 2. Nf3 d6 3. d4 cxd4 4. Nxd4 Nf6 5. Nc3 a6 6. Be2 g6 7. 0-0 Bg7 8. Be3 Nbd7 9. f4 b5 10. f5 0-0 11. fxg6 fxg6 12. Ne6 Qa5 13. Nxf8 Nxf8 14. e5 dxe5 15. Nd5 Bb7 16. Bb6 Qa4 17. Nxf6+ exf6 18. c3 Qh4 19. a4 Qg5 20. Rf2 e4 21. Qc1 Qxc1+ 22. Rxc1 bxa4 23. Bc4+ Kh8 24. Bd4 Nd7 25. Be6 Nf8 26. Bc4 Rc8 27. Ba2 f5 28. Bxg7+ Kxg7 29. c4 Nd7 30. c5 Rxc5 31. Rxc5 Nxc5 32. Rc2 Nd3 33. Rc7+ Kh6 34. Rxb7 f4 35. Bb1 Nc5 36. Rc7 Ne6 37. Rc6 Nd4 38. Rxa6 e3 39. Rxa4 Nb3 40. Rxf4 Kg5 41. g3 h5 42. Bc2 Nc1 43. b4 Ne2+ 44. Kf1 Nxf4 45. gxf4+ Kxf4 46. Bxg6 h4 47. b5 Ke5 48. b6 Kd6 49. b7 Kc7 50. Be4 1-0